000 00188nam a22000857a 4500
001 1258962
005 20260408090426.0
245 _aYABAN
_cYAKUP KADRİ KARAOSMANOĞLU
260 _bİLETİŞİM
999 _c1258962
_d1258962